|
|
|
|
| LEADER |
00000nab a2200000ua 4500 |
| 001 |
vtls010837674 |
| 003 |
SK-MaSNL |
| 005 |
20260303135425.0 |
| 008 |
230218s2009 xo |||||||||||||||||slo| |
| 035 |
|
|
|a (urnnbn)urn:nbn:sk:snk:ar-a06ul5
|
| 035 |
|
|
|a urn:nbn:sk:snk-ab613x
|
| 035 |
|
|
|a (uuid)0e45fe4f-7eb3-423b-98ba-035581b1a8ff
|
| 040 |
|
|
|a SNKBUCL
|b slo
|c SNKBUCL
|e AACR2
|
| 041 |
0 |
|
|a slo
|
| 044 |
|
|
|a xo
|c SK
|
| 100 |
1 |
|
|a Balogh, Richard,
|d 1969-
|4 aut
|9 192947
|
| 245 |
1 |
0 |
|a Súťaž robotov ISTROBOT 2009 už deviatykrát
|c Richard Balogh
|
| 773 |
0 |
|
|t EE : časopis pre elektrotechniku a energetiku
|g Roč. 15, č. 3 (2009), s. 12-13
|
| 954 |
|
|
|a odborná, vedecká literatúra pôvodná (slovenská)
|2 lita
|
| 958 |
|
|
|a OND
|
| 958 |
|
|
|a EUIPO
|
| 958 |
|
|
|a article5
|
| 999 |
|
|
|c 1965713
|d 1967643
|